| 000 | 00427nam a2200181Ia 4500 | ||
|---|---|---|---|
| 005 | 20240823041500.0 | ||
| 008 | 240823s9999||||xx |||||||||||||| ||und|| | ||
| 041 | _aENGLISH | ||
| 082 | _A612 Q3 | ||
| 100 | _aAranmula Hariharaputhran et al. | ||
| 245 | 0 | _aAll About Human Body | |
| 250 | _a2nd | ||
| 260 |
_c2013 _bAddone Publishing |
||
| 500 | _aYES | ||
| 650 |
_aHuman Body _bGeneral |
||
| 942 | _cBK | ||
| 999 |
_c205604 _d205604 |
||